000 00530nam a22001697a 4500
999 _c8728
_d8728
008 201211b ||||| |||| 00| 0 eng d
040 _aBMS College of Architecture
100 _aNadaf, Faizan Nadeem
245 _aHistory of wheeles- automobile museum
300 _a46p.
500 _a1BM11AT037
502 _8B,Arch
_NBMS College of Architecture, Visvesvaraya Technological University (VTU)
_aProject report
_d2015
650 _aMuseum
700 _aSamhita B S
_eGuide
700 _aPrathima Reddy
_eGuide
942 _2ddc
_cTHE